000 00536nam a2200157 4500
008 160504b xxu||||| |||| 00| 0 eng d
082 _22006
_aDFil 650.01
_bB21i
100 _97571
_aBallada, Win
245 _aInvestment mathematics:
_bmade easy/
_cWin Lu Ballada and Susan Ballada.
250 _a2006 issue-3rd edition
260 _aManila:
_bDomDane Publishers,
_cc2006.
300 _avarious paging:
_billustrations;
_c25 cm.
650 0 _97573
_aBusiness mathematics
700 _97574
_aBallada, Susan
_eAuthor
942 _2ddc
_cDFIL
999 _c2310
_d2310